Online
Catalog

Juego de reyes : (Record no. 18566)

MARC details
000 -CABECERA
campo de control de longitud fija 00649cam a2200217 a 4500
001 - NÚMERO DE CONTROL
campo de control 000019048
005 - FECHA Y HORA DE LA ÚLTIMA TRANSACCIÓN
campo de control 20200929165917.0
008 - DATOS DE LONGITUD FIJA--INFORMACIÓN GENERAL
campo de control de longitud fija 791005s1967 ve 000 p spa d
025 ## - NÚMERO DE ADQUISICIÓN EXTRANJERO
Número de adquisición extranjero LACAP67-3399
035 ## - NÚMERO DE CONTROL DEL SISTEMA
Número de control de sistema (DLC) 67109802
040 ## - FUENTE DE LA CATALOGACIÓN
Centro catalogador/agencia de origen DO-SdBNP
Centro/agencia transcriptor DLC
Centro/agencia modificador DLC
-- BNPHU
082 ## - NÚMERO DE LA CLASIFICACIÓN DECIMAL DEWEY
Número de clasificación V861.44
Número de documento/Ítem D277j
049 ## - FONDOS LOCALES (OCLC)
Fondos de biblioteca BNGR
100 1# - ENTRADA PRINCIPAL--NOMBRE DE PERSONA
Nombre de persona Daza Guevara, Argenis.
9 (RLIN) 40985
245 10 - MENCIÓN DE TÍTULO
Título Juego de reyes :
Resto del título poesías /
Mención de responsabilidad, etc. Argenis Daza Guevara.
260 ## - PUBLICACIÓN, DISTRIBUCIÓN, ETC.
Lugar de publicación, distribución, etc. Caracas :
Nombre del editor, distribuidor, etc. Universitaria de Oriente,
Fecha de publicación, distribución, etc. 1967.
300 ## - DESCRIPCIÓN FÍSICA
Extensión 100 p. ;
Dimensiones 21 cm.
650 #4 - PUNTO DE ACCESO ADICIONAL DE MATERIA--TÉRMINO DE MATERIA
Término de materia o nombre geográfico como elemento de entrada Poesía venezolana
9 (RLIN) 4230
650 #4 - PUNTO DE ACCESO ADICIONAL DE MATERIA--TÉRMINO DE MATERIA
Término de materia o nombre geográfico como elemento de entrada Literatura venezolana
9 (RLIN) 3816
910 ## - DATOS DE OPCIÓN DEL USUARIO (OCLC)
Datos de opción del usuario Catalogación derivada / LC
Holdings
Estado de retiro Estado de pérdida Restricciones de uso No para préstamo Código de colección Localización permanente Ubicación/localización actual Ubicación en estantería Fecha de adquisición Número de inventario Total de préstamos Signatura topográfica completa Código de barras Fecha visto por última vez Precio válido a partir de Tipo de ítem Koha
        Monografías: Libros y Folletos General General En catalogación 24.05.2010 LF1   V861.44 D277j 19048-10 25.06.2020 25.06.2020 Préstamo en sala

Powered by Koha